LEADER 01040nam 2200301Ia 450 001 996397459603316 005 20200824132749.0 035 $a(CKB)4940000000064214 035 $a(EEBO)2264206955 035 $a(OCoLC)ocm9594170e 035 $a(OCoLC)9594170 035 $a(EXLCZ)994940000000064214 100 $a19830609d1698 uy | 101 0 $aeng 135 $aurbn||||a|bb| 200 12$aA consolatory poem to the Right Honourable John Lord Cutts upon the death of his most accomplish'd lady$b[electronic resource] /$fby N. Tate 205 $aThe second edition. 210 $aLondon $cPrinted by R.R. for Henry Playford$d1698 215 $a9 p 300 $aReproduction of original in the Harvard University Library. 330 $aeebo-0062 700 $aTate$b Nahum$f1652-1715.$0709613 801 1$bEEU 801 2$bWaOLN 906 $aBOOK 912 $a996397459603316 996 $aA consolatory poem to the Right Honourable John Lord Cutts upon the death of his most accomplish'd lady$92346122 997 $aUNISA LEADER 03306nas 2201081-a 450 001 996214894303316 005 20230518213020.0 011 $a1531-8249 035 $a(OCoLC)42352438 035 $a(CKB)954925523748 035 $a(CONSER)---00215835- 035 $a(DE-599)ZDB2037912-2 035 $a(EXLCZ)99954925523748 100 $a19990910a19779999 s-- a 101 0 $aeng 135 $aurmnu|||||||| 181 $ctxt$2rdacontent 182 $cc$2rdamedia 183 $acr$2rdacarrier 200 10$aAnnals of neurology 210 $a[Boston] $cAmerican Neurological Association$d©1977- 215 $a1 online resource 300 $aRefereed/Peer-reviewed 300 $aPublished: [New York, N.Y.] : Wiley-Liss, Inc., 2001- ; [Hoboken, N.J.] : Wiley-Liss, Inc., <2005-> 300 $aTitle from table of contents (Wiley InterScience, viewed: Dec. 14, 2005). 311 $a0364-5134 531 $aANN NEUROL 531 $aANN. NEUROL 531 0 $aAnn. neurol. 606 $aNeurology$vPeriodicals 606 $aPediatric neurology$vPeriodicals 606 $aNervous system$xSurgery$vPeriodicals 606 $aInfants 606 $aChildren 606 $aNeurology 606 $aNervous system$xSurgery 606 $aInfant 606 $aChild 606 $aNeurology 606 $aNeurosurgical Procedures 606 $aNeurology$velectronic journals 606 $aNeurology$xin infancy & childhood$velectronic journals 606 $aNervous System$xsurgery$velectronic journals 606 $aNeurologie$vPériodiques 606 $aNeurologie pédiatrique$vPériodiques 606 $aNeurochirurgie$vPériodiques 606 $aNourrissons 606 $aEnfants 606 $aNeurologie 606 $aNeurochirurgie 606 $ainfants$2aat 606 $achildren (people by age group)$2aat 606 $aInfants$2fast$3(OCoLC)fst00972103 606 $aChildren$2fast$3(OCoLC)fst00854835 606 $aNervous system$xSurgery$2fast$3(OCoLC)fst01036143 606 $aNeurology$2fast$3(OCoLC)fst01036390 606 $aPediatric neurology$2fast$3(OCoLC)fst01056441 608 $aPeriodicals.$2fast 608 $aPeriodicals.$2lcgft 615 0$aNeurology 615 0$aPediatric neurology 615 0$aNervous system$xSurgery 615 0$aInfants. 615 0$aChildren. 615 0$aNeurology. 615 0$aNervous system$xSurgery. 615 22$aInfant 615 22$aChild 615 2$aNeurology 615 2$aNeurosurgical Procedures 615 2$aNeurology 615 2$aNeurology$xin infancy & childhood 615 2$aNervous System$xsurgery 615 6$aNeurologie 615 6$aNeurologie pédiatrique 615 6$aNeurochirurgie 615 6$aNourrissons. 615 6$aEnfants. 615 6$aNeurologie. 615 6$aNeurochirurgie. 615 7$ainfants. 615 7$achildren (people by age group) 615 7$aInfants. 615 7$aChildren. 615 7$aNervous system$xSurgery. 615 7$aNeurology. 615 7$aPediatric neurology. 712 02$aAmerican Neurological Association, 712 02$aChild Neurology Society, 906 $aJOURNAL 912 $a996214894303316 996 $aAnnals of neurology$9801022 997 $aUNISA